000 00575nam a2200145Ia 4500
008 140724s9999 xx 000 0 und d
050 _aBF 637
_b.F634 2014
100 _aFlores, Carisma Anne P.
245 _aLevels of self-esteem and interpersonal relations of selected high and low college academic achievers of Southville International School and Colleges /
_cCarisma Anne P. Flores.
260 _aLas PiƱas, Philippines :
_bSouthville International School and Colleges,
_cc2014.
300 _a59 p. :
_c28 cm.
521 _aPsychology
942 _cTH
999 _c229345
_d229345